Harry Styles Billboard hot 100 songs - Statistics

General Stats
  • This quiz has been taken 131 times
  • The average score is 18 of 22
Answer Stats
# Year of peak: Song: % Correct
4 2017 Sign Of The Times
97%
1 2020 Watermelon Sugar
97%
6 2020 Adore You
92%
4 2022 Late Night Talking
86%
9 2022 Matilda
85%
8 2022 Music For A Sushi Restaurant
85%
57 2021 Golden
83%
17 2019 Lights Up
82%
30 2022 Boyfriends
81%
13 2022 Daylight
81%
21 2022 Satellite
81%
62 2019 Falling
80%
24 2022 Daydreaming
79%
15 2022 Grapejuice
79%
93 2017 Sweet Creature
79%
29 2022 Love Of My Life
78%
22 2022 Cinema
77%
84 2019 Cherry
75%
14 2022 Little Freak
75%
25 2022 Keep Driving
74%
99 2019 She
73%
1 As It Was 2022
52%
No matching quizzes found
Score Distribution
Percent of People with Each Score
Percentile by Number Answered
Your Score History
You have not taken this quiz